[Event "Bolton Easter op"]
[Site "Bolton"]
[Date "2024.03.30"]
[Round "3"]
[White "Keely, Leo A"]
[Black "Kobryn, Peter J"]
[Result "0-1"]
[WhiteElo "1923"]
[BlackElo "1896"]
[PlyCount "68"]
[EventDate "2024.03.29"]
[EventType "swiss"]
[EventRounds "6"]
[EventCountry "ENG"]
[SourceTitle "CB18_2024"]
[SourceDate "2024.05.01"]
[SourceVersion "1"]
[SourceVersionDate "2024.05.01"]
[SourceQuality "2"]

1. e4 g6 2. d4 Bg7 3. Nc3 d6 4. f4 c6 5. a4 Nf6 6. Nf3 0-0 7. Bd3 a5 8. e5 Nd5 9. Nxd5 cxd5 10. 0-0 Nc6 11. c3 Qb6 12. exd6 exd6 13. Kh1 Ne7 14. Qe1 Qd8 15. Qh4 Bf5 16. Bb5 Be4 17. Ng5 h6 18. Nxe4 dxe4 19. f5 Nxf5 20. Qxe4 d5 21. Qf4 Nd6 22. Bd3 f5 23. Qg3 g5 24. Qf3 Ne4 25. b3 Rc8 26. Ba3 Rf6 27. Bxe4 fxe4 28. Qe3 Rcc6 29. Rxf6 Qxf6 30. Rc1 Qf4 31. Qe2 e3 32. c4 Bxd4 33. Rf1 Qe4 34. Qh5 Rf6 0-1

[Event "Scarborough op"]
[Site "Scarborough"]
[Date "2023.10.27"]
[Round "1"]
[White "Keely, Leo A"]
[Black "Jackson, Edward"]
[Result "0-1"]
[WhiteElo "1927"]
[BlackElo "2166"]
[PlyCount "164"]
[EventDate "2023.10.27"]
[EventType "swiss"]
[EventRounds "5"]
[EventCountry "ENG"]
[SourceTitle "Mega2024 Update 01"]
[Source "Chessbase"]
[SourceDate "2023.11.12"]
[SourceVersion "1"]
[SourceVersionDate "2023.11.12"]
[SourceQuality "1"]

1. e4 c6 2. d4 d5 3. Nd2 dxe4 4. Nxe4 Nf6 5. Nxf6+ exf6 6. c3 Bd6 7. Bd3 0-0 8. Ne2 Re8 9. 0-0 Qc7 10. Ng3 Nd7 11. Qh5 Nf8 12. Bd2 g6 13. Qf3 f5 14. Rae1 Bd7 15. c4 Ne6 16. Bc3 Ng5 17. Qd1 h5 18. Nxh5 gxh5 19. Qxh5 Nh7 20. g4 Bf8 21. gxf5 Qf4 22. Qh3 Ng5 23. Qg3 Rxe1 24. Bxe1 Bg7 25. f6 Qxf6 26. Bc3 Qf4 27. Kh1 Qf3+ 28. Qxf3 Nxf3 29. Be4 Nxd4 30. Rg1 c5 31. Bxb7 Rb8 32. Bd5 Be6 33. b4 Kf8 34. bxc5 Nf5 35. Bxg7+ Nxg7 36. c6 Nf5 37. Rd1 Ne7 38. Kg2 Rd8 39. h4 Nxd5 40. Kg3 Ke7 41. cxd5 Rxd5 42. Rb1 Kd6 43. Rc1 Kc7 44. a3 Rd3+ 45. Kf4 Rd4+ 46. Kg5 Rg4+ 47. Kh5 Rg6 48. f3 Bd5 49. Rc3 Rg3 50. a4 Rxf3 51. Rc5 Bxc6 52. Kg4 Ra3 53. a5 Kd6 54. Rc2 Rxa5 55. h5 Bd7+ 56. Kh4 f6 57. h6 Ra4+ 58. Kg3 Rg4+ 59. Kf3 Rh4 60. Ra2 Rxh6 61. Rxa7 Rh4 62. Ra6+ Bc6+ 63. Kg3 Rc4 64. Kf2 Ke5 65. Ra5+ Kf4 66. Ra3 Rc2+ 67. Ke1 f5 68. Kd1 Rh2 69. Ra6 Be4 70. Ra3 Bf3+ 71. Ke1 Kg3 72. Ra7 Rh1+ 73. Kd2 Rd1+ 74. Kc2 f4 75. Rg7+ Kf2 76. Rf7 Rd4 77. Kc3 Ra4 78. Kd2 Be2 79. Re7 f3 80. Rg7 Rd4+ 81. Kc3 Rd8 82. Rf7 Ke1 0-1

[Event "Warsaw Chess op-A"]
[Site "Warsaw"]
[Date "2022.07.24"]
[Round "8"]
[White "Keely, Leo A"]
[Black "Ciechanski, Jacenty"]
[Result "1-0"]
[WhiteElo "1955"]
[BlackElo "2192"]
[PlyCount "81"]
[EventDate "2022.07.18"]
[EventType "swiss"]
[EventRounds "9"]
[EventCountry "POL"]
[SourceTitle "CBM 209 Extra"]
[Source "ChessBase"]
[SourceDate "2022.09.30"]
[SourceVersion "1"]
[SourceVersionDate "2022.09.30"]
[SourceQuality "1"]

1. e4 c5 2. Nc3 d6 3. Nf3 Nc6 4. d4 cxd4 5. Nxd4 a6 6. Bc4 e6 7. 0-0 Nxd4 8. Qxd4 Ne7 9. Be3 Nc6 10. Qd2 b5 11. Bb3 Bb7 12. f4 Na5 13. f5 Nxb3 14. axb3 exf5 15. exf5 Be7 16. Nd5 Bxd5 17. Qxd5 0-0 18. Bd4 Bf6 19. Rad1 Rc8 20. c3 h6 21. Bxf6 Qxf6 22. Qxd6 Rc6 23. Qxf6 Rxf6 24. b4 Re8 25. Rd2 Re5 26. Rdf2 Rd6 27. f6 g5 28. h3 Kh7 29. Rf5 Rxf5 30. Rxf5 Kg6 31. Rf2 Rxf6 32. Rxf6+ Kxf6 33. b3 Ke5 34. c4 f5 35. c5 Kd5 36. Kf2 a5 37. bxa5 b4 38. a6 Kc6 39. Ke3 h5 40. h4 Kc7 41. hxg5 1-0

[Event "ENG County-ch Final"]
[Site "Darlington"]
[Date "2022.07.02"]
[Round "1.14"]
[White "McBeth, Michael J"]
[Black "Keely, Leo A"]
[Result "1-0"]
[WhiteElo "1992"]
[BlackElo "1955"]
[PlyCount "103"]
[EventDate "2022.07.02"]
[EventType "team-match"]
[EventRounds "1"]
[EventCountry "ENG"]
[SourceTitle "CBM 209 Extra"]
[Source "ChessBase"]
[SourceDate "2022.09.30"]
[SourceVersion "1"]
[SourceVersionDate "2022.09.30"]
[SourceQuality "1"]
[WhiteTeam "Northumberland"]
[BlackTeam "Yorkshire"]
[WhiteTeamCountry "ENG"]
[BlackTeamCountry "ENG"]

1. e4 e5 2. Nf3 Nf6 3. Nxe5 d6 4. Nf3 Nxe4 5. d4 d5 6. Bd3 Nc6 7. 0-0 Be7 8. c4 Nf6 9. h3 0-0 10. Nc3 Nb4 11. Be2 Bf5 12. a3 Nc6 13. Bf4 Be4 14. c5 Bg6 15. Ne5 Nxe5 16. dxe5 Ne4 17. Nxd5 Nxc5 18. Rc1 c6 19. Nxe7+ Qxe7 20. Qd6 Qxd6 21. exd6 Ne6 22. Bg3 Nd4 23. Bc4 b5 24. Rfd1 c5 25. Bf1 Nb3 26. Rc3 c4 27. d7 Rfd8 28. Bc7 Nc5 29. Bxd8 Rxd8 30. Rd5 Nxd7 31. Rxb5 Nb6 32. Rc1 h6 33. Ra5 Rd2 34. Bxc4 Rxb2 35. Rxa7 Nxc4 36. Rxc4 Bf5 37. Rb4 Ra2 38. Rb8+ Kh7 39. Rxf7 Be4 40. Ra7 Ra1+ 41. Kh2 Ra2 42. Kg3 h5 43. h4 Rc2 44. Re8 Rc3+ 45. f3 Bd5 46. Re5 Ba2 47. Rxh5+ Kg6 48. Rg5+ Kh6 49. Rgxg7 Bb1 50. Rg5 Be4 51. Ra6+ Kh7 52. Re5 1-0

[Event "London Classic op 10th"]
[Site "London"]
[Date "2018.12.10"]
[Round "2"]
[White "Gilevich, Artem"]
[Black "Keely, Leo A"]
[Result "1-0"]
[WhiteElo "2409"]
[BlackElo "1964"]
[PlyCount "129"]
[EventDate "2018.12.09"]
[EventType "swiss"]
[EventRounds "9"]
[EventCountry "ENG"]
[SourceTitle "CBM 187 Extra"]
[Source "ChessBase"]
[SourceDate "2018.11.04"]
[SourceVersion "1"]
[SourceVersionDate "2018.11.04"]
[SourceQuality "1"]

1. d4 Nf6 2. c4 g6 3. Nc3 Bg7 4. e4 d6 5. Be2 0-0 6. Bg5 Na6 7. Nf3 c5 8. d5 h6 9. Bd2 Nd7 10. 0-0 Nc7 11. Bf4 a6 12. Qd2 Kh7 13. a4 a5 14. Rfe1 Na6 15. Bf1 f6 16. Kh1 Ne5 17. Ng1 Nb4 18. Bg3 h5 19. f4 Bh6 20. h3 Nd7 21. Nf3 Rf7 22. Qe2 Bg7 23. e5 dxe5 24. fxe5 Rf8 25. e6 Ne5 26. Nxe5 fxe5 27. Bxe5 Bxe5 28. Qxe5 Rf5 29. Qe4 Qf8 30. Bd3 b6 31. Rf1 Nxd3 32. Qxd3 Ba6 33. Rxf5 Qxf5 34. Qxf5 gxf5 35. b3 Kg7 36. Rf1 Kg6 37. Kh2 Rg8 38. Ne2 h4 39. Rf4 Kg5 40. Kg1 Bb7 41. Rf3 Kf6 42. Kf2 Ke5 43. Re3+ Kd6 44. Ng1 Ra8 45. Nf3 b5 46. Nxh4 f4 47. Nf5+ Kc7 48. Rc3 bxa4 49. bxa4 Kd8 50. Kf3 Ba6 51. Kxf4 Rb8 52. Ke5 Rb2 53. Ne3 Kc7 54. h4 Ra2 55. h5 Rxa4 56. h6 Rb4 57. h7 Rb8 58. Kf5 Kd6 59. Kg6 Ke5 60. Kg7 Kd4 61. Ra3 Bxc4 62. Nxc4 Kxc4 63. Rxa5 Kxd5 64. h8Q Rxh8 65. Kxh8 1-0

[Event "BCF-ch rapidplay 32nd"]
[Site "Ilkley"]
[Date "2018.11.24"]
[Round "4"]
[White "Cohen, Aron"]
[Black "Keely, Leo A"]
[Result "1-0"]
[WhiteElo "2265"]
[BlackElo "1964"]
[PlyCount "107"]
[EventDate "2018.11.24"]
[EventType "swiss (rapid)"]
[EventRounds "11"]
[EventCountry "ENG"]
[SourceTitle "CBM 187 Extra"]
[Source "ChessBase"]
[SourceDate "2018.11.04"]
[SourceVersion "1"]
[SourceVersionDate "2018.11.04"]
[SourceQuality "1"]

1. e4 d5 2. exd5 Nf6 3. Nc3 Nxd5 4. Bc4 Nb6 5. Bb3 Nc6 6. Qf3 e6 7. Nge2 Qf6 8. Qxf6 gxf6 9. Nb5 Bd6 10. c3 a6 11. Nxd6+ cxd6 12. d3 Rg8 13. g3 Ne5 14. Nf4 Bd7 15. Be3 Bc6 16. Rf1 Nf3+ 17. Ke2 Nd7 18. h4 Ke7 19. d4 Be4 20. Rfc1 Rac8 21. Bc2 f5 22. Nh3 d5 23. Bd1 Nb6 24. b3 f6 25. a4 Nd7 26. a5 Nb8 27. Ra4 Nc6 28. Rca1 Na7 29. Bd2 Nb5 30. Rc1 Rc6 31. c4 Nbxd4+ 32. Ke3 f4+ 33. Nxf4 Nf5+ 34. Ke2 d4 35. Bb4+ Kf7 36. Kf1 e5 37. Ng2 d3 38. Ra2 Rd8 39. Bd2 N5d4 40. Be3 Nc2 41. Bxf3 Nxe3+ 42. fxe3 Bxf3 43. Rd2 Be2+ 44. Kf2 f5 45. Rc3 Rg8 46. Ne1 Rcg6 47. Nxd3 Bxd3 48. Rcxd3 Kg7 49. Rd5 Kh6 50. Rxe5 Rxg3 51. Rxf5 Rh3 52. Rd6+ Kg7 53. Rd7+ Kg6 54. Rg5+ 1-0

[Event "Rubinstein Memorial-A 53rd"]
[Site "Polanica Zdroj"]
[Date "2017.08.19"]
[Round "1"]
[White "Kucza, Karol"]
[Black "Keely, Leo A"]
[Result "1-0"]
[WhiteElo "2320"]
[BlackElo "1962"]
[PlyCount "52"]
[EventDate "2017.08.19"]
[EventType "swiss"]
[EventRounds "9"]
[EventCountry "POL"]
[SourceTitle "CBM 180 Extra"]
[Source "ChessBase"]
[SourceDate "2017.10.06"]
[SourceVersion "1"]
[SourceVersionDate "2017.10.06"]
[SourceQuality "1"]

1. e4 d5 2. exd5 Nf6 3. d4 Bg4 4. f3 Bf5 5. Bb5+ c6 6. dxc6 Nxc6 7. Ne2 Qb6 8. Nbc3 0-0-0 9. Bxc6 Qxc6 10. Bf4 g5 11. Be5 g4 12. Ng3 Be6 13. 0-0 Rg8 14. a4 a6 15. Nge4 Bc4 16. Re1 Bg7 17. Nc5 Nd5 18. Nb5 Qb6 19. Na3 Bxe5 20. Rxe5 Nf4 21. Nxc4 Qb4 22. Nd3 Nxd3 23. Qxd3 gxf3 24. Qxf3 Kb8 25. Qc3 Qxc3 26. bxc3 e6 1-0

[Event "Wakefield 4NCL op 10th"]
[Site "Wakefield"]
[Date "2016.09.10"]
[Round "2"]
[White "Keely, Leo A"]
[Black "Jaunooby, Ali Reza"]
[Result "0-1"]
[WhiteElo "1946"]
[BlackElo "2139"]
[PlyCount "92"]
[EventDate "2016.09.09"]
[EventType "swiss"]
[EventRounds "5"]
[EventCountry "ENG"]
[SourceTitle "CBM 174 Extra"]
[Source "ChessBase"]
[SourceDate "2016.10.10"]
[SourceVersion "1"]
[SourceVersionDate "2016.10.10"]
[SourceQuality "1"]

1. e4 c5 2. Nf3 d6 3. d4 cxd4 4. Nxd4 Nf6 5. Nc3 a6 6. Bd3 Nc6 7. Nde2 e5 8. Bg5 Be7 9. Bxf6 Bxf6 10. 0-0 Be6 11. Nd5 Bxd5 12. exd5 Ne7 13. c4 g6 14. Nc3 0-0 15. Qf3 Bg7 16. Kh1 f5 17. Qh3 e4 18. Be2 Qb6 19. Rab1 Bd4 20. f3 e3 21. f4 Rae8 22. Qf3 Kh8 23. Rfd1 Ng8 24. Na4 Qa7 25. b4 b5 26. c5 Re4 27. Nb2 dxc5 28. bxc5 Qxc5 29. Bd3 Re7 30. Rdc1 Qa3 31. Qe2 Nf6 32. Bc2 Bxb2 33. d6 Rd7 34. Rd1 Ng4 35. Kg1 Bg7 36. Bb3 Qc5 37. Rbc1 Qb6 38. h3 Nf2 39. Re1 Rxd6 40. Qxe3 Nxh3+ 41. Kh2 Qxe3 42. Rxe3 Nxf4 43. Re7 Bf6 44. Rb7 Be5 45. g3 Rd2+ 46. Kh1 Ne2 0-1

[Event "GBR-ch 103rd"]
[Site "Bournemouth"]
[Date "2016.08.05"]
[Round "11"]
[White "Birkett, Richard"]
[Black "Keely, Leo A"]
[Result "0-1"]
[WhiteElo "2053"]
[BlackElo "1938"]
[PlyCount "94"]
[EventDate "2016.07.25"]
[EventType "swiss"]
[EventRounds "11"]
[EventCountry "ENG"]
[SourceTitle "CBM 173 Extra"]
[Source "ChessBase"]
[SourceDate "2016.08.29"]
[SourceVersion "1"]
[SourceVersionDate "2016.08.29"]
[SourceQuality "1"]

1. e4 d5 2. exd5 Nf6 3. Nf3 Bg4 4. h3 Bh5 5. Bb5+ Nbd7 6. g4 Bg6 7. Ne5 a6 8. Bxd7+ Nxd7 9. Nxg6 hxg6 10. Qf3 Nb6 11. Nc3 Qd7 12. d3 f5 13. Be3 0-0-0 14. Bxb6 cxb6 15. 0-0-0 b5 16. Qf4 g5 17. Qxf5 Qxf5 18. gxf5 b4 19. Ne4 Rxd5 20. Ng3 Rh6 21. Rhe1 g6 22. fxg6 Rxg6 23. Re4 a5 24. Rde1 Rf6 25. R1e2 Kd7 26. Kd1 e6 27. Rg4 Rh6 28. Ne4 Be7 29. Re3 Bf6 30. Rf3 Bxb2 31. Rf7+ Kc6 32. Rxg5 Rxh3 33. Rg6 Re5 34. f4 Reh5 35. Rxe6+ Kb5 36. Rxb7+ Ka4 37. Ng5 Rg3 38. Re1 Bc3 39. Rf1 Rg2 40. Ne4 Rhh2 41. Nxc3+ bxc3 42. f5 Rd2+ 43. Kc1 Rxc2+ 44. Kb1 Rb2+ 45. Rxb2 Rxb2+ 46. Ka1 Ka3 47. d4 Rxa2+ 0-1

[Event "GBR-ch 103rd"]
[Site "Bournemouth"]
[Date "2016.08.04"]
[Round "10"]
[White "Keely, Leo A"]
[Black "Dilleigh, Stephen P"]
[Result "1-0"]
[WhiteElo "1938"]
[BlackElo "2053"]
[PlyCount "99"]
[EventDate "2016.07.25"]
[EventType "swiss"]
[EventRounds "11"]
[EventCountry "ENG"]
[SourceTitle "CBM 173 Extra"]
[Source "ChessBase"]
[SourceDate "2016.08.29"]
[SourceVersion "1"]
[SourceVersionDate "2016.08.29"]
[SourceQuality "1"]

1. e4 e6 2. d4 d5 3. Nc3 Nf6 4. e5 Nfd7 5. Nce2 c5 6. c3 Nc6 7. Nf3 b5 8. g3 b4 9. Bg2 bxc3 10. bxc3 cxd4 11. cxd4 Bb4+ 12. Bd2 Qa5 13. 0-0 Bxd2 14. Nxd2 Ba6 15. Nb3 Qa3 16. Re1 0-0 17. Nf4 Rfc8 18. Qg4 Nf8 19. Nh5 Ng6 20. h4 Qe7 21. Rac1 Bc4 22. Rxc4 dxc4 23. Nc5 Rab8 24. Ne4 Nb4 25. Nhf6+ gxf6 26. Nxf6+ Kg7 27. h5 Rh8 28. Qg5 Qd8 29. Rc1 Rc8 30. Bb7 Rb8 31. Be4 Nd5 32. Rxc4 h6 33. Qg4 Nxf6 34. exf6+ Qxf6 35. hxg6 Rhc8 36. gxf7+ Kxf7 37. Ra4 Rc7 38. d5 Rb2 39. dxe6+ Ke7 40. Bf3 Rb1+ 41. Kg2 Qg5 42. Qe4 Rbc1 43. Qh7+ Ke8 44. Qh8+ Ke7 45. Rg4 Qb5 46. Rg7+ Kd6 47. Qd8+ Ke5 48. Rg5+ hxg5 49. Qxg5+ Kxe6 50. Qxb5 1-0

[Event "GBR-ch 103rd"]
[Site "Bournemouth"]
[Date "2016.07.29"]
[Round "5"]
[White "Grieve, Harry"]
[Black "Keely, Leo A"]
[Result "1-0"]
[WhiteElo "1994"]
[BlackElo "1938"]
[PlyCount "123"]
[EventDate "2016.07.25"]
[EventType "swiss"]
[EventRounds "11"]
[EventCountry "ENG"]
[SourceTitle "CBM 173 Extra"]
[Source "ChessBase"]
[SourceDate "2016.08.29"]
[SourceVersion "1"]
[SourceVersionDate "2016.08.29"]
[SourceQuality "1"]

1. d4 Nf6 2. Bg5 d5 3. Bxf6 exf6 4. e3 Be6 5. Nd2 f5 6. g3 Bd6 7. Bg2 c6 8. Ne2 0-0 9. 0-0 Nd7 10. b3 Nf6 11. c4 Ne4 12. c5 Be7 13. f3 Nf6 14. Qc2 g6 15. Rae1 Re8 16. Nf4 Bf8 17. Nd3 Bg7 18. Kh1 Qc7 19. Nf2 Re7 20. Qd3 Rae8 21. b4 Bd7 22. a4 a6 23. Re2 Qb8 24. Nb3 Bh6 25. Rfe1 Nh5 26. Na5 Qc7 27. e4 fxe4 28. fxe4 dxe4 29. Bxe4 Nf6 30. Nc4 Ng4 31. Qf3 Nxf2+ 32. Qxf2 Be6 33. Nd6 Rf8 34. Bf3 Bg7 35. b5 Rd7 36. bxc6 bxc6 37. Rb2 Rxd6 38. cxd6 Qxd6 39. Rd1 Bd5 40. Bxd5 Qxd5+ 41. Qg2 Qc4 42. Rc2 Qxa4 43. Qxc6 Qb3 44. Kg2 Qe6 45. Rcd2 Rd8 46. Qf3 Qe7 47. d5 Be5 48. Qe2 Qd6 49. Rc2 h5 50. Rc6 Qb8 51. Qxa6 Qb2+ 52. Kh1 Qf2 53. Qd3 Bd6 54. Rf1 Qa7 55. Qc3 Qe7 56. Qd4 Be5 57. Qe4 f6 58. Qxg6+ Kf8 59. Rcxf6+ Bxf6 60. Rxf6+ Qxf6 61. Qxf6+ Ke8 62. d6 1-0

[Event "GBR-ch 103rd"]
[Site "Bournemouth"]
[Date "2016.07.27"]
[Round "3"]
[White "Hand, Freddie"]
[Black "Keely, Leo A"]
[Result "1-0"]
[WhiteElo "2062"]
[BlackElo "1938"]
[PlyCount "71"]
[EventDate "2016.07.25"]
[EventType "swiss"]
[EventRounds "11"]
[EventCountry "ENG"]
[SourceTitle "CBM 173 Extra"]
[Source "ChessBase"]
[SourceDate "2016.08.29"]
[SourceVersion "1"]
[SourceVersionDate "2016.08.29"]
[SourceQuality "1"]

1. d4 Nf6 2. c4 g6 3. f3 Bg7 4. e4 d6 5. Nc3 0-0 6. Be3 c5 7. Nge2 Nc6 8. d5 Ne5 9. Ng3 e6 10. Be2 exd5 11. cxd5 a6 12. a4 b6 13. 0-0 Rb8 14. Qd2 Re8 15. h3 Ned7 16. Rfb1 Qc7 17. b4 h5 18. Rc1 Kh7 19. Rab1 h4 20. Nf1 Nh5 21. Qe1 Bf6 22. f4 Ng3 23. Nxg3 hxg3 24. Qxg3 Qd8 25. Bd3 Bb7 26. e5 dxe5 27. f5 Nf8 28. Rf1 c4 29. Bc2 e4 30. Nxe4 Be5 31. fxg6+ fxg6 32. Ng5+ Kg8 33. Rxf8+ Kxf8 34. Nh7+ Kg8 35. Qxg6+ Kh8 36. Nf6 1-0

[Event "GBR-ch 103rd"]
[Site "Bournemouth"]
[Date "2016.07.26"]
[Round "2"]
[White "Keely, Leo A"]
[Black "Gill, Oliver"]
[Result "0-1"]
[WhiteElo "1938"]
[BlackElo "2102"]
[PlyCount "70"]
[EventDate "2016.07.25"]
[EventType "swiss"]
[EventRounds "11"]
[EventCountry "ENG"]
[SourceTitle "CBM 173 Extra"]
[Source "ChessBase"]
[SourceDate "2016.08.29"]
[SourceVersion "1"]
[SourceVersionDate "2016.08.29"]
[SourceQuality "1"]

1. e4 d5 2. exd5 Qxd5 3. Nc3 Qa5 4. d4 Nf6 5. Nf3 c6 6. Bd3 Bg4 7. h3 Bh5 8. g4 Bg6 9. Ne5 e6 10. Nxg6 hxg6 11. Bd2 Qb6 12. Qf3 Qxd4 13. 0-0-0 Nbd7 14. Bf4 Bc5 15. Bg3 Qb4 16. Ne4 Nxe4 17. Bxe4 Nf6 18. Bxc6+ bxc6 19. Qxc6+ Ke7 20. g5 Nd5 21. Rxd5 exd5 22. c3 Be3+ 23. fxe3 Rac8 24. Qxd5 Rhd8 25. Qe5+ Kf8 26. Rf1 Qc4 27. Qf4 Qxa2 28. Kc2 Rd7 29. Qb4+ Kg8 30. e4 Qa6 31. Rg1 Qe2+ 32. Kb3 a5 33. Qb6 Qxe4 34. Qxa5 Ra8 35. Re1 Rb7+ 0-1

[Event "Wetherby 4NCL op-A 6th"]
[Site "Wetherby"]
[Date "2016.01.10"]
[Round "4"]
[White "Keely, Leo A"]
[Black "Jayawarna, Nugith"]
[Result "1-0"]
[WhiteElo "1950"]
[BlackElo "1962"]
[PlyCount "89"]
[EventDate "2016.01.08"]
[EventType "swiss"]
[EventRounds "5"]
[EventCountry "ENG"]
[SourceTitle "CBM 170 Extra"]
[Source "ChessBase"]
[SourceDate "2016.02.25"]
[SourceVersion "1"]
[SourceVersionDate "2016.02.25"]
[SourceQuality "1"]

1. e4 c5 2. Nc3 e6 3. f4 a6 4. Nf3 b5 5. d3 Bb7 6. Be2 Be7 7. 0-0 d5 8. exd5 exd5 9. d4 Nf6 10. Kh1 Qb6 11. Be3 Nc6 12. Bg1 c4 13. Ne5 0-0 14. Bf3 Na7 15. Qe2 Bb4 16. Ng4 Nxg4 17. Bxg4 Bxc3 18. bxc3 Rfe8 19. Qd2 Qd6 20. f5 f6 21. Bf2 Nc8 22. Bg3 Qd7 23. Bh5 Re7 24. Rae1 Rxe1 25. Rxe1 Nd6 26. Bxd6 Qxd6 27. Re6 Qd7 28. Qe1 Kf8 29. h3 Rd8 30. g4 Bc8 31. h4 a5 32. a3 Bb7 33. Qe3 Bc8 34. Kg1 b4 35. cxb4 axb4 36. axb4 Qa4 37. Re7 Qa1+ 38. Kf2 Qa4 39. Rf7+ Kg8 40. Rxg7+ Kxg7 41. Qe7+ Kg8 42. Qxd8+ Kg7 43. Qe7+ Kg8 44. Qf7+ Kh8 45. Qf8# 1-0